000 00365pab a2200145 454500
008 180718b1997 xxu||||| |||| 00| 0 eng d
100 _aBalooni, Kulbhushan
245 _aAvailability of wasteland for afforestation in India
260 _c1997
300 _ap.93-94
362 _aJan-Feb
650 _aForest management
773 _aKurukshetra
909 _a34072
999 _c34072
_d34072